000 01896cam a2200133 4500500
005 20251214001511.0
041 _afre
042 _adc
100 1 0 _aDupont, Benoît
_eauthor
245 0 0 _aLa cybercriminalité : Approche écosystémique de l'espace numérique
260 _bArmand Colin,
_c2024.
520 _aQuelles sont les raisons pour lesquelles les produits et services numériques sont si faciles à exploiter par les cybercriminels, comment ces cybercriminels s’organisent et s’adaptent pour améliorer leur performance, et quelles sont les réponses des organisations de sécurité ?Alors que la cybercriminalité prolifère dans les sociétés contemporaines et remplace progressivement les formes traditionnelles de délinquance, cet ouvrage propose d’adopter une approche inédite pour analyser ce phénomène. En mobilisant les concepts et méthodes propres à l'écologie – communauté, entité, relations de compétition, prédation, collaboration, ou encore effets émergents – ce manuel examine et explique l'émergence de cette nouvelle forme de criminalité. La perspective écologique met ainsi à disposition un riche répertoire d’outils permettant de dévoiler l’entrelacement complexe d’interactions entre acteurs licites et illicites qui conduisent à la prolifération des cybercrimes observée depuis un quart de siècle, mais aussi à la mise en place de réponses institutionnelles aux modalités aussi variées que prometteuses.Face à un phénomène qui peut paraître hors de contrôle, cet ouvrage propose également des solutions concrètes afin d’améliorer la sécurité des utilisateurs, en s’appuyant notamment sur des configurations de collaboration plus efficaces et diversifiées entre acteurs publics et privés.
856 4 1 _uhttps://shs.cairn.info/la-cybercriminalite--9782200637965?lang=fr&redirect-ssocas=7080
999 _c1566220
_d1566220